Statistics for G ile Başlayan Ülkeler

Click here to take the quiz!

General Stats

  • This quiz has been taken 660 times
  • The average score is 6 of 12

Answer Stats

Ülke% Correct
Gana
80%
Gine
80%
Gürcistan
68%
Gambiya
67%
Gabon
50%
Guatemala
49%
Güney Kore
49%
Gine-Bissau
46%
Güney Afrika
46%
Guyana
37%
Güney Sudan
33%
Grenada
26%

Score Distribution

Percentile by Number Answered

Percent of People with Each Score

Your Score History

You have not taken this quiz